000 00717nam a2200217 a 4500
005 20251105063904.0
008 140123s2013 mx r 000 0 spa d
020 _a9788497847360
035 _aUPN01000195080
049 _aCG
050 4 _aLC191
_bS5.4
245 0 0 _a7 retos para la educación social :
_breinventarse como profesional de lo social, nuevos desafíos para la empleabilidad /
_ccoord. Anna Forés.
260 _aBarcelona, Esp. :
_bGedisa,
_c2013.
300 _a126 p. :
_btablas
440 0 _aPsicología
650 4 _aSociología de la educación
_94896
650 4 _aEducación social
_913718
700 1 _aForés Miravalles, Anna,
_d1966-
_ecoord.
_933852
905 _aLibro
999 _c167181
_d167181